Statistics for Panathinaikos FC Squad 2023-2024

Click here to take the quiz!

General Stats

  • This quiz has been taken 81 times
    (78 since last reset)
  • The average score is 25 of 37

Answer Stats

#PositionNationPlayer% Correct
55MFBrazilWillian Arão
95%
34FWArgentinaSebastián Palacios
93%
10FWBrazilBernard
91%
7FWGreeceFotis Ioannidis
91%
2DFGreeceGeorgios Vagiannidis
91%
9FWSloveniaAndraž Šporar
89%
69GKPolandBartłomiej Drągowski
89%
-CoachTurkeyFatih Terim
87%
8MFGreeceAnastasios Bakasetas
85%
11MFGreeceAnastasios Bakasetas
85%
-CoachSerbiaIvan Jovanović
84%
91GKItalyAlberto Brignoli
80%
23DFIcelandHörður Magnússon
80%
3DFSpainJuankar
78%
12GKRussiaYuriy Lodygin
75%
77FWSloveniaBenjamin Verbič
73%
27DFGreeceGiannis Kotsiras
71%
4MFSpainRubén Pérez
71%
16MFSloveniaAdam Gnezda Čerin
69%
21DFCroatiaTin Jedvaj
67%
52MFNetherlandsTonny Vilhena
67%
29FWSwedenAlexander Jeremejeff
64%
17FWArgentinaDaniel Mancini
64%
25DFSerbiaFilip Mladenović
64%
11FWGreeceDimitrios Limnios
62%
14DFUnited StatesErik Palmer-Brown
60%
94DFTurkeySamet Akaydin
60%
18MFAlbaniaEnis Çokaj
56%
15GKGreeceVasilios Xenopoulos
51%
20DFBrazilVitor Hugo
51%
31MFSerbiaFilip Đuričić
49%
22FWSpainAitor Cantalapiedra
47%
8MFHungaryLászló Kleinheisler
47%
6MFGreeceZeca
47%
5DFNetherlandsBart Schenkeveld
44%
24DFGreeceGeorgios Sideras
22%
90MFAlbaniaLeandro Frroku
18%

Score Distribution

Percentile by Number Answered

Percent of People with Each Score

Your Score History

You have not taken this quiz since the last reset